| 000 | 00520cam a2200193ua 4500 | ||
|---|---|---|---|
| 001 | 1322 | ||
| 008 | 110702n ii |||gr||||Z||||||eng | ||
| 020 | _a81-237-4596-6 | ||
| 040 | _cMAIN | ||
| 082 | _a338.9 | ||
| 100 | _aBhaduri, Amit., | ||
| 245 |
_aDevelopement with dignity. : _bcase for full emplyment. / _cBy Amit Bhaduri. |
||
| 250 | _a2nd. | ||
| 260 |
_aNew Delhi.: _bNational book trust., _c2005. |
||
| 300 |
_a107 p.: _c20 cm. |
||
| 653 | _aEconomoics. | ||
| 653 | _aDevelopement with dignity. | ||
| 942 | _cBK | ||
| 999 |
_c1222 _d1222 |
||